Adaptive control of systems with actuator failures (Record no. 178756)

000 -LEADER
fixed length control field 01473 a2200241 4500
003 - CONTROL NUMBER IDENTIFIER
control field Nust
005 - DATE AND TIME OF LATEST TRANSACTION
control field 20221007144851.0
010 ## - LIBRARY OF CONGRESS CONTROL NUMBER
LC control number 2003067314
020 ## - INTERNATIONAL STANDARD BOOK NUMBER
International Standard Book Number 1852337885 (alk. paper)
040 ## - CATALOGING SOURCE
Transcribing agency Nust
082 00 - DEWEY DECIMAL CLASSIFICATION NUMBER
Classification number 629.836,TAO
245 00 - TITLE STATEMENT
Title Adaptive control of systems with actuator failures
Statement of responsibility, etc. Gang Tao ... [et al.].
260 ## - PUBLICATION, DISTRIBUTION, ETC.
Place of publication, distribution, etc. London ;
-- New York :
Name of publisher, distributor, etc. Springer,
Date of publication, distribution, etc. 2004.
300 ## - PHYSICAL DESCRIPTION
Extent xvi, 299 p. :
Other physical details ill. ;
Dimensions 24 cm.
505 ## - FORMATTED CONTENTS NOTE
Formatted contents note Introduction (Page-1), State Feedback Design for State Tracking (Page-15), State Feedback Design for Output Tracking (Page-55), Output Feedback Design for Output Tracking (Page-85), Design for Multivariable Systems (Page-103), Pole Placement Designs (Page-123), designs for Linearized Aircraft Models (Page-137), Robust Design for Discrete Time Systems (Page-163), Failure Compensation for Nonlinear Systems (Page-177), State Feedback Designs for Nonlinear Systems (Page-195), Nonlinear Output Feedback Designs (Page-233), Conclusions and Research Topics (Page-265).
650 #0 - SUBJECT ADDED ENTRY--TOPICAL TERM
Topical term or geographic name entry element Actuators
General subdivision Reliability.
9 (RLIN) 99485
650 #0 - SUBJECT ADDED ENTRY--TOPICAL TERM
Topical term or geographic name entry element Telecommunication engineering
700 1# - ADDED ENTRY--PERSONAL NAME
Personal name Tao, Gang.
9 (RLIN) 99486
856 42 - ELECTRONIC LOCATION AND ACCESS
Materials specified Contributor biographical information
Uniform Resource Identifier <a href="http://www.loc.gov/catdir/enhancements/fy0818/2003067314-b.html">http://www.loc.gov/catdir/enhancements/fy0818/2003067314-b.html</a>
856 42 - ELECTRONIC LOCATION AND ACCESS
Materials specified Publisher description
Uniform Resource Identifier <a href="http://www.loc.gov/catdir/enhancements/fy0818/2003067314-d.html">http://www.loc.gov/catdir/enhancements/fy0818/2003067314-d.html</a>
856 42 - ELECTRONIC LOCATION AND ACCESS
Materials specified Table of contents only
Uniform Resource Identifier <a href="http://www.loc.gov/catdir/enhancements/fy0818/2003067314-t.html">http://www.loc.gov/catdir/enhancements/fy0818/2003067314-t.html</a>
942 ## - ADDED ENTRY ELEMENTS (KOHA)
Koha item type Reference
Source of classification or shelving scheme
Holdings
Withdrawn status Lost status Source of classification or shelving scheme Damaged status Not for loan Permanent Location Current Location Shelving location Date acquired Full call number Barcode Date last seen Price effective from Koha item type Public note
          Military College of Signals (MCS) Military College of Signals (MCS) Reference 12/12/2016 629.836,TAO MCS31548 12/08/2016 12/12/2016 Reference Almirah No.24, Shelf No.4
© 2023 Central Library, National University of Sciences and Technology. All Rights Reserved.